Girl in the mirror / (Record no. 1252)

MARC details
000 -LEADER
fixed length control field 00862cam a22002773a 4500
005 - DATE AND TIME OF LATEST TRANSACTION
control field 20260322212053.0
008 - FIXED-LENGTH DATA ELEMENTS--GENERAL INFORMATION
fixed length control field data
010 ## - LIBRARY OF CONGRESS CONTROL NUMBER
LC control number 2004596891
020 ## - INTERNATIONAL STANDARD BOOK NUMBER
International Standard Book Number 0778320618
020 ## - INTERNATIONAL STANDARD BOOK NUMBER
International Standard Book Number 9780778320616
040 ## - CATALOGING SOURCE
Original cataloging agency JST
Transcribing agency JST
Modifying agency DLC
042 ## - AUTHENTICATION CODE
Authentication code lccopycat
050 00 - LIBRARY OF CONGRESS CALL NUMBER
Classification number CPB Box no. 2221 vol. 2
099 ## - LOCAL FREE-TEXT CALL NUMBER (OCLC)
Classification number MONROM
001 - CONTROL NUMBER
control field data
100 1# - MAIN ENTRY--PERSONAL NAME
Personal name Monroe, Mary Alice.
245 10 - TITLE STATEMENT
Title Girl in the mirror /
Statement of responsibility, etc. Mary Alice Monroe.
260 ## - PUBLICATION, DISTRIBUTION, ETC.
Place of publication, distribution, etc. Don Mills, Ont. :
Name of publisher, distributor, etc. MIRA,
Date of publication, distribution, etc. [2004], c1998.
300 ## - PHYSICAL DESCRIPTION
Extent 440 p. ;
Dimensions 18 cm.
650 #0 - SUBJECT ADDED ENTRY--TOPICAL TERM
Topical term or geographic name entry element Identity (Psychology)
Form subdivision Fiction.
650 #0 - SUBJECT ADDED ENTRY--TOPICAL TERM
Topical term or geographic name entry element Celebrities
Form subdivision Fiction.
650 #0 - SUBJECT ADDED ENTRY--TOPICAL TERM
Topical term or geographic name entry element Beauty, Personal
Form subdivision Fiction.
655 #7 - INDEX TERM--GENRE/FORM
Genre/form data or focus term Love stories.
Source of term gsafd
710 2# - ADDED ENTRY--CORPORATE NAME
Corporate name or jurisdiction name as entry element Copyright Paperback Collection (Library of Congress)
Institution to which field applies DLC
856 42 - ELECTRONIC LOCATION AND ACCESS
Materials specified Contributor biographical information
Uniform Resource Identifier <a href="http://www.loc.gov/catdir/enhancements/fy0903/2004596891-b.html">http://www.loc.gov/catdir/enhancements/fy0903/2004596891-b.html</a>
Holdings
Withdrawn status Lost status Damaged status Not for loan Home library Current library Shelving location Date acquired Total checkouts Full call number Barcode Date last seen Price effective from Koha item type
        Union Union General stacks 22/03/2026   CPB Box no. 2221 vol. 2 BC0011293 22/03/2026 22/03/2026 Books